El gato montés (Record no. 170174)

MARC details
000 -LEADER
campo de control de longitud fija 01008nam a2200265 i 4500
001 - NÚMERO DE CONTROL
campo de control 170174
003 - IDENTIFICADOR DE NÚMERO DE CONTROL
campo de control ES-MaACL
005 - FECHA Y HORA DE LA ÚLTIMA TRANSACCIÓN
campo de control 20250918063042.0
008 - DATOS DE LONGITUD FIJA--INFORMACIÓN GENERAL
campo de control de longitud fija 090209s1992 sp |||| | spa d
017 ## - NÚMERO DE COPYRIGHT O DE DEPÓSITO LEGAL
Número de copyright o de depósito legal M 10.660-1992
020 ## - NÚMERO INTERNACIONAL ESTÁNDAR DEL LIBRO
Número Internacional Estándar del Libro 84-376-1088-5
080 ## - NÚMERO DE LA CLASIFICACIÓN DECIMAL UNIVERSAL
Número de la Clasificación Decimal Universal 860-293.1"19"
080 ## - NÚMERO DE LA CLASIFICACIÓN DECIMAL UNIVERSAL
Número de la Clasificación Decimal Universal 782.1
100 1# - ENTRADA PRINCIPAL--NOMBRE DE PERSONA
Nombre de persona Penella, Manuel,
Fechas asociadas al nombre 1880-1939
9 (RLIN) 139388
245 13 - MENCIÓN DEL TÍTULO
Título El gato montés
Resto del título : ópera en tres actos de Manuel Penella /
Mención de responsabilidad, etc. libreto de Manuel Penella ; con revisión de Miguel Roa ; edición de Justo Romero.
260 ## - PUBLICACIÓN, DISTRIBUCIÓN, ETC.
Lugar de publicación, distribución, etc. Sevilla :
Nombre del editor, distribuidor, etc. Sociedad Estatal para la Exposición Universal Sevilla 92 ;
Lugar de publicación, distribución, etc. Madrid :
Nombre del editor, distribuidor, etc. Cátedra,
Fecha de publicación, distribución, etc. 1992.
300 ## - DESCRIPCIÓN FÍSICA
Extensión 137 p. :
Otras características físicas il., mús. ;
Dimensiones 23 cm.
504 ## - NOTA DE BIBLIOGRAFÍA, ETC.
Nota de bibliografía, etc. Bibliografía.
600 17 - PUNTO DE ACCESO ADICIONAL DE MATERIA--NOMBRE DE PERSONA
Nombre de persona Penella, Manuel,
Fechas asociadas al nombre 1880-1939
Fuente del encabezamiento o término
9 (RLIN) 139388
650 #4 - PUNTO DE ACCESO ADICIONAL DE MATERIA--TÉRMINO DE MATERIA
Término de materia o nombre geográfico como elemento de entrada Óperas-
Subdivisión de forma Libretos.
9 (RLIN) 137584
700 1# - ENTRADA AGREGADA--NOMBRE PERSONAL
Nombre de persona Roa, Miguel.
9 (RLIN) 139389
700 1# - ENTRADA AGREGADA--NOMBRE PERSONAL
Nombre de persona Romero, Justo.
9 (RLIN) 139390
852 4# - LOCALIZACIÓN
Ubicación ES-MaACL
Número de control de estantería E-12432
itemnumber R.140595
Nota libre . - Biblioteca Jacinto Martínez Lacalle
Holdings
Estatus retirado Estado de pérdida Estado de daño No para préstamo Biblioteca de origen Biblioteca actual Ubicación en estantería Fecha de adquisición Fuente de adquisición Total de préstamos Signatura topográfica completa Código de barras Visto por última vez Precio de reemplazo Tipo de ítem Koha
        Biblioteca del Ateneo de Madrid Biblioteca del Ateneo de Madrid Depósito 2 09/02/2009     E-12432 1178659 23/02/2023 23/02/2023 Libro impreso